000 00451cam a22001577a 4500
008 180718b1997 xxu||||| |||| 00| 0 eng d
020 _a8170334043
082 _aO1x54 N164
100 _aNarayana, K.V.
245 _aHealth and development: intersectoral linkages in India
_cby K.V. Narayana
260 _aJaipur
_bRawat
_c1997
300 _a197p.
650 _aMedical care - India
650 _aPublic health - India
650 _aMedical economics
999 _c404461
_d404461